02724nam a22002777a 45000010005000000030006000050050017000110080041000280200018000690400029000870500008001160820012001241000022001362450156001582600042003143000049003564900041004055050008004465201207004545200582016615210029022435210020022726500087022926500039023797000028024188627FISKH20251007094708.0251007b cb ||||| |||| 00| 0 eng d a9789996301292 aFISKHbengcFISKHdFISKH aPZ7 a895.966 aSotheary, Kimsun  aបឹងយក្សឡោម​ : bYeak Lorm lake / cរៀបរៀងដោយ អ្នកស្រី គឹមស៊ុន សុធារី  aPhnom Penh : bReading Books ,c2011. a20 pages : bcolor illustrations ;c25 cm .  aពិភពរឿងនិទាន aP  aព្រះនាងសក់ក្រអូបជាបុត្រីរបស់យក្ស​ ។​លុះដល់ពេលនាងចម្រើនវ័យនាងក៏មានចិត្តស្រលាញ់បុរសម្នាក់ ហើយក៏បានរស់នៅជាមួយគ្នានៅក្នុងព្រៃមួយ ។​​ ក្រោយមកព្រះបិតាក៏បញ្ជាអោយយក្សជាកូនចៅយាមល្បាតហ៊ុមពទ្ធ័ព្រៃនោះយ៉ាងរឹងមាំ ហើយយក្សមួយក្រុមទៀតក៏បានដកព្រៃគ្រវែងចោលហើយនាំគ្នាជីកកកាយរកនាងគ្រប់កន្លែង។ តែមិនអាចរកឃើញបុត្រីឡើយ​។ អាស្រ័យហេតុពួកយក្សកកាយយរក នាងសក់ក្រអូបនេះហើយ ទើបមាននៅសល់បឺងមួយនៅខេត្តរតនគិរី ហោថា បឹងយក្សឡោម រហូតដល់សព្វថ្ងៃ ។​  a“Princess Sak Kraorb” was the daughter of a giant. When she came of age, she fell in love with a man, and they lived together in a forest. Later, her father ordered his giant followers to tightly guard and surround the forest. Another group of giants cleared the forest and dug through the land everywhere in search of her. However, they could not find the princess. It is said that because the giants dug up the land so much while searching for Princess Sak Kraorb ,a large lake remained in what is now Ratanakiri Province, which to this day is called “Boeng Yak Lom” 8 a650 bLexile estimate 8 aP bRaz-Plus  aបឺងយក្សឡោម vអក្សរសិល្ប៏ខ្មែរ  aYeak Lorm lake vKhmer Literature  aSan, ThaieIllustrator